00341nam a2200145Ia 45000030006000000080041000060400015000471000017000622450044000792500006001232600029001293000006001585460014001640050017001780STCL150530s9999 xx 000 0 und d aSTCLcSTCL aGovindan, M. aKaranja kaviyum Chiricha thatwanjaniyum a1 bDC Books; Kottayamc1993 a0 aMalayalam20220125171734.0